| 000 | 00873na a2200289 4500 | ||
|---|---|---|---|
| 001 | 12579 | ||
| 003 | MIRAKIL | ||
| 005 | 20181213154825.0 | ||
| 008 | 160809b tu 000 0 | ||
| 020 | _a9754582440 | ||
| 035 | _a12579 | ||
| 040 |
_aMilas _btur _cTR-AnCHP |
||
| 082 |
_a128.4 _bV34i 2000 |
||
| 090 | _a128.4 V34i 2000 | ||
| 100 | _aVelioğlu, Süleyman | ||
| 245 |
_aİnsan ve yaratma edimi _cSüleyman Velioğlu ; Yayına hazırlayan Mürşit Balabanlılar |
||
| 260 |
_aİstanbul _bTürkiye iş bankası kültür yayınları _c2000 |
||
| 300 |
_a227 s. _c20 sm. |
||
| 490 |
_aSosyal ve Felsefi dizi _v54 |
||
| 490 |
_aTürkiye İş Bankası Kültür yayınları _v496 |
||
| 500 | _aDizin var. | ||
| 650 | _aFelsefi antropoloji | ||
| 650 |
_aİnsan _xFelsefe |
||
| 650 | _aEdim (Felsefe) | ||
| 700 | _aBalabanlılar, Mürşit | ||
| 942 |
_2ddc _cBKS |
||
| 999 |
_c1526 _d1526 |
||